Name That Cloud Quiz - Statistics

General Stats
  • This quiz has been taken 86 times
  • The average score is 6 of 11
Answer Stats
Picture Hint Answer % Correct
The range between mezzo soprano and tenor Altocumulus
88%
Commonly called "thunderheads" Cumulonimbus
75%
Rainy, overcast days Nimbostratus
71%
"Locks of hair" in Latin Cirrus
68%
Cottonball shape Cumulus
66%
Combination of two kinds of clouds Cirrocumulus
57%
Can make a halo when sun shines through Cirrostratus
48%
Planes create these Contrails
45%
Type of lens used for hyperopia Lenticular
43%
Form underneath the base of clouds, usually supercells Mammatus
39%
Base unit of thermodynamic temperature Kelvin-Helmholz (Wave Clouds)
32%
No matching quizzes found
Score Distribution
Percent of People with Each Score
Percentile by Number Answered
Your Score History
You have not taken this quiz